000 01258nam0a22003251 4500
001 v19\rc\2021628
005 20230406203325.0
035 _a(NLR Aleph) 005119404
090 _a7578020
_c7578020
100 _a20080925e19161916|||y0rusy50 ca
101 0 _arus
102 _aRU
105 _aa z |||cb
200 1 _aРесторатор 9-го класса Андрей Митрохин
_e[Биогр. очерк]
_fС. Гамалов-Чураев
210 _aПетроград
_cтип. "Сириус"
_d1916
215 _a16 с.
_cил.
_d27
309 _aБез тит. л.
311 _aОтт. из журн. "Старые годы". Апр.-июнь, 1916 г.
488 0 _12001#$aСтарые годы$v1916, апр.-июнь
532 1 1 _aРесторатор девятого класса Андрей Митрохин
700 1 _6z01790
_aГамалов-Чураев
_bС. А.
_f1857-
_gСтепан Артемьевич
702 1 _aМитрохин
_bА.
_gАндрей
_4570
790 1 _6z01700
_aЧураев
_bС. А.
_f1857-
_gСтепан Артемьевич
801 0 _aRU
_bNLR
_gpsbo
801 0 _aRU
_bRuMoRGB
_2psbo
801 1 _aRU
_bProSoft-M
_2rusmarc
852 _aNLR
_j34/1189
942 _cBOOK
980 _aNB